<?xml version="1.0" encoding="UTF-8"?>
<collection xmlns:xsi="http://www.w3.org/2001/XMLSchema-instance" xsi:schemaLocation="http://www.loc.gov/MARC21/slim http://www.loc.gov/standards/marcxml/schema/MARC21slim.xsd" xmlns="http://www.loc.gov/MARC21/slim">
 <record>
  <leader>00000cmm a22000004i 4500</leader>
  <controlfield tag="001">UP-99796217613727806</controlfield>
  <controlfield tag="003">Buklod</controlfield>
  <controlfield tag="005">20210531081156.0</controlfield>
  <controlfield tag="006">m    |o  d |      </controlfield>
  <controlfield tag="007">cr || |||a|a|a</controlfield>
  <controlfield tag="008">181211s2019    xx |||| o  u |      eng d</controlfield>
  <datafield tag="020" ind1=" " ind2=" ">
   <subfield code="a">9783030035389 (eBook ISBN)</subfield>
  </datafield>
  <datafield tag="035" ind1=" " ind2=" ">
   <subfield code="a">(iLib)UPD-00524271933</subfield>
  </datafield>
  <datafield tag="040" ind1=" " ind2=" ">
   <subfield code="a">DLC</subfield>
   <subfield code="d">DENGII</subfield>
   <subfield code="e">rda</subfield>
  </datafield>
  <datafield tag="041" ind1=" " ind2=" ">
   <subfield code="a">eng</subfield>
  </datafield>
  <datafield tag="084" ind1=" " ind2=" ">
   <subfield code="a">TJ 1</subfield>
   <subfield code="b">E97 2019eb</subfield>
  </datafield>
  <datafield tag="245" ind1="0" ind2="0">
   <subfield code="a">Explorations in the history and heritage of machines and mechanisms</subfield>
   <subfield code="b">proceedings of the 2018 HMM IFToMM symposium on history of machines and mechanisms</subfield>
   <subfield code="c">Baichun Zhang, Marco Ceccarelli, editors.</subfield>
  </datafield>
  <datafield tag="250" ind1=" " ind2=" ">
   <subfield code="a">First edition.</subfield>
  </datafield>
  <datafield tag="264" ind1=" " ind2="1">
   <subfield code="a">Cham</subfield>
   <subfield code="b">Springer</subfield>
   <subfield code="c">[2019]</subfield>
  </datafield>
  <datafield tag="300" ind1=" " ind2=" ">
   <subfield code="a">1 online resource.</subfield>
  </datafield>
  <datafield tag="336" ind1=" " ind2=" ">
   <subfield code="a">text</subfield>
   <subfield code="2">rdacontent</subfield>
  </datafield>
  <datafield tag="337" ind1=" " ind2=" ">
   <subfield code="a">computer</subfield>
   <subfield code="2">rdamedia</subfield>
  </datafield>
  <datafield tag="338" ind1=" " ind2=" ">
   <subfield code="a">online resource</subfield>
   <subfield code="2">rdacarrier</subfield>
  </datafield>
  <datafield tag="490" ind1="1" ind2=" ">
   <subfield code="a">History of Mechanism and Machine Science</subfield>
   <subfield code="x">1875-3442</subfield>
  </datafield>
  <datafield tag="505" ind1="0" ind2=" ">
   <subfield code="a">Preface -- Chapter 1: Engineers and their stories -- Mechanics (Machines) in Ishaq Efendi, the Chief Instructor of Military School in the Ottomans, by Melek Dosay Gèokdoægan -- Giuseppe Ceredi. A Hydraulic Engineer in 16th-Century Italy, by Luigi Traetta -- The Innovation process of the First Curved Mold Caster in China, by Lifang Lei and others -- Shen Hong (1906-1998),A Legendary Engineer and China's Modern Machinery Industry, by Lie Sun -- Jan Oderfeld (1908-2010). Retrospective Memories of the Past, by JanuszWawrzecki -- An Overview on the Studies of the History of Machinery in China, by Baichun Zhang Yexing Liu -- Chapter 2: History of machine design -- History of Human Powered Oil Expeller: A Literature Review, by Siraj Sheikh -- Literature Review on the Developments of Rice Milling Machines, by M. Sohail Pervez and others -- Modeling an Antique Grinding Mill of Guanajuato Silver Mines, by Juan Jauregui and others -- The Hydraulic Tilt Hammer in Ancient China, by Xiaolei Shi -- Reconstruction and Analysis of Zhan's Sand Clock in the 14th Century, by Yu-Hsun Chen Hong-Sen Yan -- Exploration of Ancient Machinery: From Reconstruction Research to Exhibition and Science Education, by Jian-Liang Lin et al -- Relationships between paper mills and technological evolution of paper production, by Silvia Gargaro et al -- Light drawings: representation and design, by Emanuela Chiavoni -- Chapter 3: Ancient mechanisms -- Mechanisms in Heron's automata as technological transfer and cultural means, by Roberto Bragastini -- Analysis and reconstruction of a platform with ball bearings in Roman ships of Nemi lake, by Pier Gabriele Molari and others -- Application and Influence of Flap Valve Mechanism on Ancient Bellows, by Xing Huang, Lingfeng Li -- Mechanisms 26 and 30 of &quot;the book of secrets&quot; of Ibn Khalaf Al-Muradi, by Rafael Lâopez-Garcâia and others -- The astrolabe: a mechanism for reading the stars, by Barbara Aterini -- Mathematical Instruments used in the Military Engineering Academies of Ottomans, by Irem Aslan Seyhan -- Chapter 4: History of modern technology -- Transfer of Modern High Draft Technology to China, by Xuan Su -- A Brief Introduction to the Steam Locomotives Made in China, by Zhizhong Zhang -- From the Unimate to the Delta robot: the early decades of Industrial Robotics, by AlessandroGasparetto -- Towards GIM, the Global Intelligent Machine, by Teun Koetsier -- Historical development of BHR humanoid robots, by Qiang Huang and others -- Teaching Wonder (from 3rd century BCE to 21st century CE) , by Nadia Ambrosetti -- The scientific background of the Russian Revolution, by Agamenon Oliveira.</subfield>
  </datafield>
  <datafield tag="506" ind1=" " ind2=" ">
   <subfield code="a">IP based subscription, on campus and remote access.</subfield>
   <subfield code="c">Access via Electronic Resources of the UPD Engineering Library and University Library websites.</subfield>
  </datafield>
  <datafield tag="533" ind1=" " ind2=" ">
   <subfield code="a">Electronic reproduction.</subfield>
   <subfield code="b">Cham</subfield>
   <subfield code="c">Springer</subfield>
   <subfield code="d">2019.</subfield>
   <subfield code="n">Available via World Wide Web through SpringerLink.</subfield>
  </datafield>
  <datafield tag="650" ind1=" " ind2="0">
   <subfield code="a">Automation.</subfield>
  </datafield>
  <datafield tag="650" ind1=" " ind2="0">
   <subfield code="a">Mechanical engineering.</subfield>
  </datafield>
  <datafield tag="650" ind1=" " ind2="0">
   <subfield code="a">Robotics.</subfield>
  </datafield>
  <datafield tag="650" ind1=" " ind2="0">
   <subfield code="a">Technology</subfield>
   <subfield code="x">History.</subfield>
  </datafield>
  <datafield tag="650" ind1=" " ind2="0">
   <subfield code="a">Electronic books.</subfield>
  </datafield>
  <datafield tag="700" ind1="1" ind2=" ">
   <subfield code="a">Ceccarelli, Marco</subfield>
   <subfield code="e">editor.</subfield>
  </datafield>
  <datafield tag="700" ind1="1" ind2=" ">
   <subfield code="a">Zhang, Baichun</subfield>
   <subfield code="e">editor.</subfield>
  </datafield>
  <datafield tag="710" ind1="2" ind2=" ">
   <subfield code="a">SpringerLink (Online service).</subfield>
  </datafield>
  <datafield tag="856" ind1="4" ind2="0">
   <subfield code="z">Available for University of the Philippines Diliman via SpringerLink. Click here to access</subfield>
   <subfield code="u">http://doi.org/10.1007/978-3-030-03538-9</subfield>
  </datafield>
  <datafield tag="856" ind1="4" ind2="0">
   <subfield code="z">Also available remotely for University of the Philippines Diliman via SpringerLink. Click here to access thru EZproxy</subfield>
   <subfield code="u">https://link.springer.com.ezproxy.engglib.upd.edu.ph/book/10.1007%2F978-3-030-03538-9</subfield>
  </datafield>
  <datafield tag="856" ind1=" " ind2=" ">
   <subfield code="z">(viewed 31 May 2021)</subfield>
  </datafield>
  <datafield tag="905" ind1=" " ind2=" ">
   <subfield code="a">FO</subfield>
  </datafield>
  <datafield tag="852" ind1="0" ind2=" ">
   <subfield code="a">UPD</subfield>
   <subfield code="b">DENG-II</subfield>
  </datafield>
  <datafield tag="942" ind1=" " ind2=" ">
   <subfield code="a">Electronic Resource</subfield>
  </datafield>
 </record>
</collection>
